000 00555nam a2200205Ia 4500
005 20260429111929.0
008 260429s9999||||xx |||||||||||||| ||und||
020 _a9788131614648
041 _aEnglish
082 _a910.09
_bJAM
100 _aJames, Preston E
245 0 _aHistory of geographical ideas /
_cPreston E James
250 _a1st ed.
260 _aJaipur :
_bRawat Publications ,
_c2025.
300 _axiii, 622 p.; hb
650 _a Geographical thought
650 _a Human geography
650 _aGeography-History
942 _cTB
999 _c51484
_d51484